000 00311nam a2200109 4500
008 160629b xxu||||| |||| 00| 0 eng d
100 _91367
_a Popular Prakashan
245 _aYoung Discoverer Series - Mammals
260 _aMumbai
_b Popular
_c2004
300 _aYoung Discoverer Series - Mammals
942 _2ddc
_cBK
999 _c1127
_d1127